Ambika Shanmugam's Fundamentals of Biochemistry for Medical Students / (Record no. 44)

MARC details
000 -LEADER
Fixed length control field 00533nam a2200193Ia 4500
003 - CONTROL NUMBER IDENTIFIER
Control field IIN
005 - DATE AND TIME OF LATEST TRANSACTION
Control field 20240201152210.0
008 - FIXED-LENGTH DATA ELEMENTS--GENERAL INFORMATION
Fixed length control field 231217s9999 xx 000 0 und d
020 ## - INTERNATIONAL STANDARD BOOK NUMBER / ISBN
Price Rs.699.00
International Standard Book Number 9789351296829
040 ## - CATALOGING SOURCE
Original cataloging agency IIN
Language of cataloging English
082 ## - DEWEY DECIMAL CLASSIFICATION NUMBER
Classification number 572.3
Book Number RAM
100 1# - MAIN ENTRY--PERSONAL NAME
Personal name Ramadev, K.
245 #2 - TITLE STATEMENT
Title Ambika Shanmugam's Fundamentals of Biochemistry for Medical Students /
Statement of responsibility K. Ramadevi, Ed.
250 ## - EDITION STATEMENT
Edition statement 8th ed
260 ## - IMPRINT
Name of publisher Wolters Kluwer
Place of publication New Delhi
Date of publication 2018
300 ## - PHYSICAL DESCRIPTION
Page / Vol. No xvi, 572 p.
650 1# - SUBJECT ADDED ENTRY--TOPICAL TERM
Topical term Biochemistry
942 ## - ADDED ENTRY ELEMENTS (KOHA)
Koha item type Books
Holdings
Withdrawn status Lost status Source of classification Damaged status Not for loan Collection code Home library Current library Date acquired Price Total Checkouts Call number Accession number Date last seen Price effective from Koha item type
    Dewey Decimal Classification       IDEAL INSTITUTE OF NURSING IDEAL INSTITUTE OF NURSING 17/12/2023 699.00   572.3 RAM 39 17/12/2023 17/12/2023 Books
    Dewey Decimal Classification       IDEAL INSTITUTE OF NURSING IDEAL INSTITUTE OF NURSING 17/12/2023 699.00   572.3 RAM 40 17/12/2023 17/12/2023 Books
© Ideal Institute Of Nursing, All rights reserved.         Powered by Koha